Normal view
MARC view
- الأدب العربي - الحرب والفروسيه - شعر المتنبي
Entry Topical Term
001 - CONTROL NUMBER
- control field: 17001
003 - CONTROL NUMBER IDENTIFIER
- control field: JO-AjAnu
005 - DATE AND TIME OF LATEST TRANSACTION
- control field: 20230606073018.0
008 - FIXED-LENGTH DATA ELEMENTS
- fixed length control field: 230606|| aca||aabn | a|a d
040 ## - CATALOGING SOURCE
- Original cataloging agency: JO-AjAnu
- Transcribing agency: JO-AjAnu
150 ## - HEADING--TOPICAL TERM
- Topical term or geographic name entry element: الأدب العربي - الحرب والفروسيه - شعر المتنبي
670 ## - SOURCE DATA FOUND
- Source citation: Work cat.: (JO-AjAnu)8728: تأليف الساعد،حسني خضر, author 17000, الحرب والفروسية في شعر أبي الطيب المتنبي